Statistics for All Countries in Europa Universalis 4 (1444)

Click here to take the quiz!

General Stats

  • This quiz has been taken 248 times
    (117 since last reset)
  • The average score is 130 of 493

Answer Stats

Country % Correct
France
91%
The Papal State
91%
U
89%
England
89%
Aragon
87%
Poland
87%
Portugal
87%
Scotland
87%
Lithuania
84%
Ottomans
84%
Sweden
84%
Denmark
84%
Norway
84%
Genoa
82%
Serbia
82%
Hungary
82%
Ming
82%
Wallachia
82%
Austria
82%
Burgundy
82%
Castile
82%
Naples
82%
Teutonic Order
80%
Muscovy
80%
Tunis
80%
Livonian Order
78%
Bosnia
78%
Novgorod
78%
Venice
78%
Milan
78%
Granada
76%
Bohemia
76%
Timurids
76%
Navarra
73%
Brandenburg
73%
Great Horde
73%
Morocco
73%
Ethiopia
73%
Byzantium
73%
Munster
71%
Riga
71%
Crimea
71%
Albania
71%
Mamluks
71%
Münster
71%
Provence
69%
Brittany
69%
Savoy
67%
Florence
67%
The Knights
67%
Oman
67%
Bavaria
67%
Moldavia
67%
Ragusa
64%
Delhi
64%
Perm
64%
Holland
64%
Hamburg
64%
Switzerland
64%
Theodoro
62%
Athens
62%
Aztec
62%
Yemen
62%
Georgia
62%
Mali
62%
Saxony
62%
Mazovia
60%
Kazan
60%
Cyprus
60%
Lübeck
60%
Korea
58%
Holstein
58%
Pomerania
58%
Kong
58%
Flanders
58%
Bengal
58%
Ryazan
56%
Circassia
56%
Friesland
56%
Naxos
56%
East Frisia
56%
Corfu
56%
Ulster
56%
Leinster
53%
Salzburg
53%
Cologne
53%
Urbino
53%
Mongolia
53%
So
51%
Desmond
51%
Ulm
51%
Uzbek
51%
Mantua
51%
Frankfurt
51%
Lorraine
49%
Utrecht
49%
Ferrara
49%
Tver
49%
Silesia
49%
Nevers
49%
Alsace
49%
Oirat
49%
Tyrone
49%
Brabant
49%
Aachen
47%
Anhalt
47%
Aq Qoyunlu
47%
Yaroslavl
47%
Hormuz
47%
Nogai
47%
Siena
44%
Tlemcen
44%
Transoxiana
44%
Gelre
44%
Afghanistan
44%
Bremen
44%
Karaman
44%
Pskov
44%
The Isles
44%
Dai Viet
42%
Brunei
42%
Kilwa
42%
Hesse
42%
Kongo
42%
Mecklenburg
42%
Ajam
40%
Qara Qoyunlu
40%
Baden
40%
Ravensburg
40%
Najd
40%
Lucca
40%
Bahmanis
40%
Orissa
40%
Sus
40%
Ashikaga
40%
Mainz
38%
Ainu
38%
Malacca
38%
Ryukyu
38%
Trier
38%
Trebizond
38%
Augsburg
38%
Songhai
36%
Imereti
36%
Lüneburg
36%
Oldenburg
36%
Memmingen
36%
Nepal
36%
Brunswick
36%
Vijayanagar
36%
The Palatinate
36%
Majapahit
33%
Candar
33%
Odoyev
33%
Verden
33%
Offaly
33%
Oda
33%
Ardabil
33%
Nuremberg
31%
Cusco
31%
Liege
31%
Dulkadir
31%
Magdeburg
31%
Rostov
31%
Montferrat
31%
Yeren
31%
Benin
31%
Jolof
29%
Jaunpur
29%
Shirvan
29%
Wurttemberg
29%
Fezzan
29%
Timbuktu
29%
Ansbach
29%
Thomond
29%
Hejaz
29%
Date
27%
Sindh
27%
Lan Xang
27%
Kaffa
27%
Dithmarschen
27%
Sistan
27%
Wurzburg
27%
Ava
27%
Kildare
27%
Ayutthaya
27%
Mzab
27%
Baluchistan
27%
Hosokawa
27%
Saxe-Lauenburg
27%
Air
27%
Beloozero
27%
Ormond
27%
Chagatai
27%
Malwa
27%
Kotte
27%
Korchin
24%
Mutapa
24%
Cleves
24%
Khmer
24%
Ramazan
24%
Maldives
24%
Marrakesh
24%
Nassau
24%
Gazikumukh
24%
Gujarat
24%
Adal
22%
Luba
22%
Uesugi
22%
Kuba
22%
Medina
22%
Yarkand
22%
Mewar
22%
Mushasha
22%
Avaria
22%
Haasa
22%
Assam
22%
Hisn Kayfa
22%
Aden
22%
Jianzhou
22%
Clanricarde
22%
Sligo
22%
Tsang
20%
Djerid
20%
Kamchadals
20%
Shammar
20%
Kashmir
20%
Sirhind
20%
Pegu
20%
Tyrconnell
20%
Fars
20%
Carib
20%
Dahomey
18%
Ajuuraan
18%
Makassar
18%
Alodia
18%
Sulu
18%
Zapotec
18%
Taungu
18%
Dawasir
18%
Cebu
18%
Touggourt
18%
Sarig Yogir
18%
Kutai
18%
Champa
18%
Chukchi
18%
Rassids
18%
Mazandaran
16%
Tafilalt
16%
Fadl
16%
Palembang
16%
Manipur
16%
Quito
16%
Yas
16%
Haixi
16%
Koch
16%
Donghai
16%
Mahra
16%
Tlaxcala
16%
Pasai
16%
Tokugawa
16%
Multan
16%
Ando
16%
Nagaur
16%
Kanem Bornu
16%
Arakan
16%
Shimazu
16%
Lan Na
16%
Beja
13%
Tondo
13%
Muisca
13%
Kathmandu
13%
Kandy
13%
Mogadishu
13%
Mossi
13%
Guarani
13%
Gilan
13%
Khorasan
13%
Ouchi
13%
Pate
13%
Kara Del
13%
Yao
13%
Sunda
13%
Malindi
13%
Biapas
13%
Mombasa
13%
Makuria
13%
Kiche
13%
Anizah
13%
Mysore
11%
Andhra
11%
Ndongo
11%
Ardalan
11%
Prome
11%
Mixtec
11%
Oyo
11%
Gorkha
11%
Tidore
11%
Takeda
11%
Itza
11%
Jenné
11%
Siak
11%
Shiba
11%
Samtskhe
11%
Rwanda
11%
Kham
11%
Tripura
11%
Chimu
11%
Kochin
11%
Tupinamba
11%
Ladakh
11%
Ligor
11%
Potiguara
11%
Butua
11%
Burundi
11%
Luristan
11%
Madurai
11%
Madyas
11%
Yamana
11%
Ternate
11%
Udege
9%
Totonac
9%
Venad
9%
Warsangali
9%
Tlapanec
9%
Loango
9%
Khodynt
9%
Mewat
9%
Garhwal
9%
Huastec
9%
Dongola
9%
Colima
9%
Maravi
9%
Jaffna
9%
Maynila
9%
Hatakeyama
9%
Medri Bahri
9%
Arawak
9%
Buganda
9%
Mong Mao
9%
Bitlis
9%
Kano
9%
Antemoro
9%
Jharkhand
7%
Tarascan
7%
Sakalava
7%
Imagawa
7%
Kalundwe
7%
Isshiki
7%
Jangladesh
7%
Solon
7%
Sofala
7%
Jaisalmer
7%
Kachar
7%
Hsenwi
7%
Nivkh
7%
Hadramut
7%
Guge
7%
Doti
7%
Kedah
7%
Chichimeca
7%
Chiba
7%
Chavchuveny
7%
Tyo
7%
Charca
7%
Butuan
7%
Buton
7%
Bundelkhand
7%
Xiu
7%
Amago
7%
Zazzau
7%
Damot
7%
Sukhothai
7%
Mong Pai
7%
Macina
7%
Mong Nai
7%
Maguindanao
7%
Mapuche
7%
Kitabatake
7%
Otomo
7%
Pattani
7%
Mahafaly
7%
Marehan
7%
Luwu
7%
Miskito
7%
Pagarruyung
7%
Mong Kawng
7%
Tzotzil
4%
Otomi
4%
Imerina
4%
Can Pech
4%
Calicut
4%
Charrua
4%
Ito
4%
Kharabakh
4%
Tapuia
4%
Hsipaw
4%
Patna
4%
Hadiya
4%
Gwalior
4%
Tumbuka
4%
Garjat
4%
Cocomes
4%
Tirhut
4%
Pangasinan
4%
Cajamarca
4%
Lunda
4%
Dagbon
4%
Mong Yang
4%
Baghelkhand
4%
Karagwe
4%
Betsimisaraka
4%
Kutch
4%
Kangra
4%
Xalisco
4%
Kale
4%
Bonoman
4%
Yokotan
4%
Wanka
4%
Najran
4%
Sikkim
4%
Nanbu
4%
Khandesh
4%
Bunyoro
4%
Mikhlaf
4%
Kikondja
4%
Chokwe
2%
Tsutsui
2%
Colla
2%
Utsunomiya
2%
Nupe
2%
Pacajes
2%
Bastar
2%
Matlatzinca
2%
Welayta
2%
Buha
2%
Chanda
2%
Ogasawara
2%
Busoga
2%
Yaka
2%
Garha
2%
Tonala
2%
Junagarh
2%
Porbandar
2%
Dang
2%
Sirmur
2%
Janjiro
2%
Kono
2%
Jumla
2%
Shoni
2%
Kikuchi
2%
Lundu
2%
Satake
2%
Kaqchikel
2%
Kasanje
2%
Sadiya
2%
Katsina
2%
Kazembe
2%
Ratanpur
2%
Keonhjar
2%
Nkore
2%
Limbuwan
2%
Zuni
2%
Ennarea
2%
Makua
2%
Teotitlan
2%
Telingana
2%
Palitana
2%
Dhundhar
2%
Toki
2%
Idar
2%
Guamar
2%
Coixtlahuaca
0%
Kalpi
0%
Chorti
0%
Baglana
0%
Rewa Kantha
0%
Parlakhimidi
0%
Bishnupur
0%
Chachapoya
0%
Kalinjar
0%
Kalahandi
0%
Chactemal
0%
Hadoti
0%
Tupiniquim
0%
Jhalavad
0%
Jeypore
0%
Tairona
0%
Kumaon
0%
Huyla
0%
Ichma
0%
Calchaqui
0%
Kolathunad
0%

Score Distribution

Percentile by Number Answered

Percent of People with Each Score

Your Score History

You have not taken this quiz since the last reset